000 00658nam a22001937a 4500
999 _c182745
_d182745
005 20211203125412.0
010 _aUR-11349
020 _c209.00
_a9789390533060
035 _aU-9904
037 _bDBAD/PUB
082 _a921
100 _aشمس کما ل ا نجم
245 _aغبا ر حيا ت (خو د نو شت سو ا نح)
_cشمس کما ل ا نجم
246 _aGhubar-e-Hayaat (Urdu)
_bTranslated by Shams Kamal Anjum
260 _aN.Delhi
_c2020 ء
_bEducational Publishing House
270 _aD1/16,Ansari Road,Darya Ganj,
_bNew Delhi
_e110002
_l -
300 _a347 ص
_c22 Cm(Hb)
942 _2ddc
_cUR
_h921
_mع م ر